000 00631nam a2200229Ia 4500
003 OSt
005 20220923213421.0
006 a|||||r|||| 00| 0
007 ta
008 220922b |||||||| |||| 00| 0 hin d
024 _a161,771
037 _cTextual
040 _aARTS
_cARTS
_bhin
041 _2hin
_ahin
082 _aO152:3M61x, J6
100 _aत्रिपाठी, सूर्यकांत
_9156299
245 0 _aलिली
246 _aLilī
260 _c1956
942 _hO152:3M61x, J6
_cTEXL
_2CC
999 _c316318
_d316318